| 000 | 00472nam a22001937a 4500 | ||
|---|---|---|---|
| 003 | MPLRDC | ||
| 005 | 20220104181103.0 | ||
| 008 | 210129b ||||| |||| 00| 0 eng d | ||
| 020 | _a983-878-619-5 | ||
| 082 | _a524.943 TBL 1993 | ||
| 100 | _aHAJI MOHD. MISAN BIN MASTOR, B. L. TAN | ||
| 245 |
_aSEJARAH MALAYSIA SPM _c |
||
| 250 | _a初版 | ||
| 260 |
_a _bPELANGI _c1993 |
||
| 300 | _b平 | ||
| 490 | _aFOKUS PELANGI | ||
| 650 | _a | ||
| 942 |
_cBK _o524.943 TBL 1993 |
||
| 999 |
_c61255 _d61245 |
||